书目信息 |
| 题名: |
师范高等专科学校新生必读
|
|
| 作者: | 刘英陶 主编 | |
| 分册: | ||
| 出版信息: | 北京 警官教育出版社 1997 |
|
| 页数: | 180页 | |
| 开本: | 20cm | |
| 丛书名: | ||
| 单 册: | ||
| 中图分类: | G658.3 | |
| 科图分类: | ||
| 主题词: | 教育--各级 | |
| 电子资源: | ||
| ISBN: | 7-81027-838-X | |
| 000 | 00581nam0 2200193 450 | |
| 001 | 0731219182 | |
| 005 | 20070619165208.54 | |
| 010 | @a7-81027-838-X@dCNY9.00 | |
| 100 | @a20070619d1997 km y0chiy0120 ea | |
| 101 | 0 | @achi |
| 102 | @aCN@b110000 | |
| 200 | 1 | @a师范高等专科学校新生必读@Ashi fan gao deng zhuan ke xue xiao xin sheng bi du@f刘英陶主编@Fliu ying tao zhu bian |
| 210 | @a北京@c警官教育出版社@d1997 | |
| 215 | @a180页@d20cm | |
| 606 | 0 | @a教育@x各级 |
| 690 | @aG658.3@v3 | |
| 701 | 0 | @a刘英陶@Aliu ying tao@4主编 |
| 801 | 0 | @aCN@bPFT@c20070619 |
| 905 | @a10447@dG658.3@e74 | |
| 师范高等专科学校新生必读/刘英陶主编.-北京:警官教育出版社,1997 |
| 180页;20cm |
| ISBN 7-81027-838-X:CNY9.00 |
| ● |
| 相关链接 |
|
|
|
|
正题名:师范高等专科学校新生必读
索取号:G658.3/74
 
预约/预借
| 序号 | 登录号 | 条形码 | 馆藏地/架位号 | 状态 | 备注 |
| 1 | 0654710 | 206547101 | 第一样本阅览室/ [索取号:G658.3/74] | 在馆 |